|
|
|
|
| LEADER |
00000cam a22000004a 4500 |
| 001 |
musev2_72074 |
| 003 |
MdBmJHUP |
| 005 |
20230905051425.0 |
| 006 |
m o d |
| 007 |
cr||||||||nn|n |
| 008 |
101122s2011 mdu o 00 0 eng d |
| 020 |
|
|
|a 9781421405452
|
| 020 |
|
|
|z 9781421400976
|
| 020 |
|
|
|z 9781421400983
|
| 035 |
|
|
|a (OCoLC)1139379492
|
| 040 |
|
|
|a MdBmJHUP
|c MdBmJHUP
|
| 100 |
1 |
|
|a Cohen, Donna,
|d 1947-
|
| 245 |
1 |
0 |
|a Integrated Textbook of Geriatric Mental Health /
|c Donna Cohen, Carl Eisdorfer.
|
| 264 |
|
1 |
|a Baltimore :
|b Johns Hopkins University Press,
|c 2011.
|
| 264 |
|
3 |
|a Baltimore, Md. :
|b Project MUSE,
|c 2020
|
| 264 |
|
4 |
|c ©2011.
|
| 300 |
|
|
|a 1 online resource (344 pages).
|
| 336 |
|
|
|a text
|b txt
|2 rdacontent
|
| 337 |
|
|
|a computer
|b c
|2 rdamedia
|
| 338 |
|
|
|a online resource
|b cr
|2 rdacarrier
|
| 505 |
0 |
|
|a Geriatric mental health care in the twenty-first century -- Concepts underlying geriatric mental health care -- Comprehensive geriatric assessment : the context of care -- Interviewing and developing an alliance -- Age-related changes in cognition in later life -- Cognitive impairment in older persons -- Alzheimer disease -- Other dementias -- Managing the behavioral and psychological symptoms of dementia -- Mood disorders -- Anxiety disorders -- Schizophrenia in later life -- Alcohol abuse, substance abuse, and medication mismanagement -- Other psychiatric disorders and behavioral conditions -- Family caregiving -- Assessing the capacity of older persons -- Elder mistreatment : abuse and neglect -- Violent deaths : suicide and homicide-suicide -- Disasters and terrorism -- End-of-life care -- Geriatric mental health policies in context.
|
| 588 |
|
|
|a Description based on print version record.
|
| 650 |
|
7 |
|a Older people
|x Mental health.
|2 fast
|0 (OCoLC)fst01199117
|
| 650 |
|
7 |
|a Geriatric psychiatry.
|2 fast
|0 (OCoLC)fst00941248
|
| 650 |
|
7 |
|a elderly.
|2 aat
|
| 650 |
|
6 |
|a Personnes âgees.
|
| 650 |
|
6 |
|a Services de sante mentale.
|
| 650 |
|
2 |
|a Aged, 80 and over
|
| 650 |
1 |
2 |
|a Aged
|
| 650 |
1 |
2 |
|a Mental Disorders
|x psychology
|
| 650 |
2 |
2 |
|a Dementia
|
| 650 |
2 |
2 |
|a Mental Health Services
|
| 650 |
|
0 |
|a Older people.
|
| 650 |
|
0 |
|a Mental health services.
|
| 650 |
|
0 |
|a Geriatric psychiatry
|v Textbooks.
|
| 650 |
|
0 |
|a Older people
|x Mental health
|v Textbooks.
|
| 655 |
|
7 |
|a Textbooks.
|2 fast
|0 (OCoLC)fst01423863
|
| 655 |
|
7 |
|a Electronic books.
|2 local
|
| 700 |
1 |
|
|a Eisdorfer, Carl.
|
| 710 |
2 |
|
|a Project Muse.
|
| 710 |
2 |
|
|a Project Muse.
|e distributor
|
| 830 |
|
0 |
|a Book collections on Project MUSE.
|
| 856 |
4 |
0 |
|z Texto completo
|u https://projectmuse.uam.elogim.com/book/72074/
|
| 945 |
|
|
|a Project MUSE - Custom Collection
|